000 00589nam a2200181 i 4500
001 51075
003 ES-MaACL
005 20230906162307.0
007 t|
008 030808s1910 fr ||||1| fre d
100 1 _aChantriot, Emile.
_937991
245 1 2 _aL'Allemagne et sa situation économique /
_cEmile Chantriot ; avec una preface de M. Wilhelm Förster.
260 _aParis :
_bBerger-Levrault,
_c1910.
300 _aVIII, 184 p. ;
_c19 cm.
651 4 _aAlemania-
_xSituación económica.
_9155618
700 1 _aFörster, Wilhelm (
_d1832-1921)
_9176143
852 4 _aES-MaACL
_jD-1418
999 _c51075
_d51075